AFL Player Nicknames - Statistics

General Stats
  • This quiz has been taken 546 times
    545 since last reset
  • The average score is 17 of 50
Answer Stats
Nickname Player % Correct
Plugger Tony Lockett
77%
Buddy Lance Franklin
75%
Tomohawk Tom Hawkins
73%
Duck Wayne Carey
72%
Daisy Dale Thomas / Darren Williams
70%
Chief / Pig Jason Dunstall
68%
Boomer Brent Harvey
66%
Spud Danny Frawley
55%
God Gary Ablett
54%
Lethal Leigh Matthews
54%
SOS Stephen Silvagni
53%
The Package Jake Stringer
51%
Horse John Longmire
50%
The Wizard Jeff Farmer / Warwick Capper
48%
Polly Graham Farmer
46%
Diesel Greg Williams
43%
The G-Train Fraser Gehrig
42%
Choco Mark Williams
42%
Bomber Mark Thompson
41%
Roo Nick Riewoldt / Mark Ricciuto
39%
Woosha John Worsfold
38%
KB / Hungry Kevin Bartlett
37%
The Macedonian Marvel Peter Daicos
37%
Dipper Robert DiPierdomenico
34%
Sticks Stephen Kernahan
30%
Rocket Rodney Eade
29%
Walla Anthony McDonald-Tipungwuti
27%
Mr Football Ted Whitten
27%
Tredders Warren Tredrea
27%
The Flying Doormat Bruce Doull
25%
Buddha / Whiskas Garry Hocking
24%
The Rat John Platten
23%
Inspector Gadget Dustin Fletcher
22%
Spider Peter Everitt / Matthew Burton
22%
FIGJAM Nathan Buckley
20%
Flea Dale Weightman
19%
Captain Blood Jack Dyer
18%
The Smiling Assassin Brad Johnson
16%
Fish Paul Salmon
16%
The Dominator Wayne Johnston
16%
Ox David Schwarz
13%
Crackers Peter Keenan
13%
Plough Terry Wallace
13%
Stiffy Graham Johncock
12%
Buckets Stewart Loewe
11%
The Kid Dermott Brereton
9%
Superboot Bernie Quinlan
8%
Bluey Guy McKenna
8%
Yabby Allan Jeans
6%
Conan Gary Ayres
4%
No matching quizzes found
Score Distribution
Percent of People with Each Score
Percentile by Number Answered
Your Score History
You have not taken this quiz since the last reset